47 Counties, 47 Towns - Statistics

General Stats
  • This quiz has been taken 13 times
  • The average score is 30 of 47
Answer Stats
City Answer % Correct
Truro Cornwall
91%
Alnwick Northumberland
91%
Barnstaple Devon
82%
Birkenhead Merseyside
82%
Guilford Surrey
82%
Chester Cheshire
73%
Carlisle Cumbria
73%
Consett Durham
73%
Hastings East Sussex
73%
Chelmsford Essex
73%
Cheltenham Gloucestershire
73%
Preston Lancashire
73%
Loughborough Leicestershire
73%
Harrogate North Yorkshire
73%
Stoke on Trent Staffordshire
73%
Sunderland Tyne and Wear
73%
Swindon Wiltshire
73%
Luton bedfordshire
64%
Reading Berkshire
64%
Ely Cambridgeshire
64%
Bolton Greater Manchester
64%
Ross-on-Wye Herefordshire
64%
Cowes Isle of Wight
64%
Canterbury Kent
64%
Boston Lincolnshire
64%
King's Lynn Norfolk
64%
Banbury Oxfordshire
64%
Weston-super-Mare Somerset
64%
Barnsley South Yorkshire
64%
Bury St Edmunds Suffolk
64%
Stratford-Upon-Avon Warwickshire
64%
Crawley West Sussex
64%
Pontefract West Yorkshire
64%
High Wycombe Buckinghamshire
55%
Chesterfield Derbyshire
55%
Dorchester Dorset
55%
Scarborough East Yorkshire
55%
Stevenage Hertfordshire
55%
Worksop Nottinghamshire
55%
Oakham Rutland
55%
Shrewsbury Shropshire
55%
Coventry West Midlands
55%
Croydon Greater London
45%
Winchester Hampshire
36%
Kettering Northamptonshire
36%
Kidderminster Worcestershire
36%
Avonmouth City of Bristol
27%
No matching quizzes found
Score Distribution
Percent of People with Each Score
Percentile by Number Answered
Your Score History
You have not taken this quiz